| 000 | 00495nam a22001937a 4500 | ||
|---|---|---|---|
| 003 | OSt | ||
| 005 | 20140310184508.0 | ||
| 008 | 131012t xxu||||| |||| 00| 0 eng d | ||
| 020 | _a9780439597845 | ||
| 050 |
_aPZ 7 _b.M478 2003 |
||
| 100 |
_aMcCabe, Suzanne _929002 |
||
| 245 |
_aCapital kids / _cSuzanne McCabe. |
||
| 260 |
_aNew York : _bScholastic, _c2003. |
||
| 300 |
_a40 p. : _bcol. ill. ; _c20 cm. |
||
| 521 | _aG2 | ||
| 526 | _c380 | ||
| 942 |
_2lcc _cBK-SCHOLAS |
||
| 999 |
_c34857 _d34857 |
||